[Event "Bad Woerishofen Seniors op 12th"]
[Site "Bad Woerishofen"]
[Date "1996.??.??"]
[Round "6"]
[White "Hauke, Harald"]
[Black "Richter, Helmut"]
[Result "1/2-1/2"]
[WhiteElo "1730"]
[BlackElo "1790"]
[PlyCount "62"]
[EventDate "1996.03.08"]
[EventType "swiss"]
[EventRounds "9"]
[EventCountry "GER"]
[SourceTitle "EXT 2006"]
[Source "ChessBase"]
[SourceDate "2005.11.24"]
[SourceVersion "1"]
[SourceVersionDate "2005.11.24"]
[SourceQuality "1"]

1. e4 c5 2. Nf3 e6 3. c3 Nf6 4. e5 Nd5 5. d4 cxd4 6. cxd4 d6 7. Bc4 Nb6 8. Bb3 Nc6 9. Bg5 Be7 10. Bxe7 Qxe7 11. 0-0 dxe5 12. dxe5 0-0 13. Nc3 a6 14. Qe2 Nd7 15. Rad1 Nc5 16. Bc2 b5 17. Ne4 Bb7 18. h4 Nxe4 19. Qxe4 g6 20. a3 Rac8 21. Qf4 Nxe5 22. Nd4 Nc6 23. Nxc6 Bxc6 24. Bb1 Rfd8 25. h5 Rxd1 26. Rxd1 Rd8 27. Rc1 Bb7 28. h6 e5 29. Qe3 Rd4 30. Re1 Rd8 31. Ba2 Bc8 1/2-1/2

[Event "Bad Woerishofen Seniors op 12th"]
[Site "Bad Woerishofen"]
[Date "1996.??.??"]
[Round "2"]
[White "Hauke, Harald"]
[Black "Stumpf, Walter"]
[Result "1/2-1/2"]
[WhiteElo "1730"]
[BlackElo "1995"]
[PlyCount "97"]
[EventDate "1996.03.08"]
[EventType "swiss"]
[EventRounds "9"]
[EventCountry "GER"]
[SourceTitle "EXT 2006"]
[Source "ChessBase"]
[SourceDate "2005.11.24"]
[SourceVersion "1"]
[SourceVersionDate "2005.11.24"]
[SourceQuality "1"]

1. e4 c5 2. Nf3 Nc6 3. c3 d5 4. exd5 Qxd5 5. d4 cxd4 6. cxd4 e6 7. Bd3 Nf6 8. 0-0 Qd8 9. a3 Be7 10. Nc3 0-0 11. Bg5 Nd5 12. Bxe7 Qxe7 13. Re1 Nxc3 14. bxc3 Qf6 15. Ne5 Nxe5 16. Rxe5 Bd7 17. Qb1 g6 18. Qxb7 Rfd8 19. Ra5 Rac8 20. Qb2 Bc6 21. Bf1 Qe7 22. c4 Rd7 23. Rd1 Rb7 24. Qd2 Qd7 25. Qe3 Ba4 26. Re1 Rb3 27. Qd2 Bc6 28. Re3 Rcb8 29. Rxb3 Rxb3 30. Qc2 Rb6 31. Qd3 Qb7 32. d5 exd5 33. cxd5 Bd7 34. h3 Bf5 35. Qd4 h5 36. Bd3 Bxd3 37. Qxd3 Rb1+ 38. Kh2 Qc7+ 39. g3 Qxa5 40. Qxb1 Qxa3 41. Qb8+ Kg7 42. Qe5+ f6 43. Qc7+ Kh6 44. d6 h4 45. d7 Qb2 46. Qf4+ g5 47. Qe3 hxg3+ 48. Kxg3 Qb8+ 49. f4 1/2-1/2